[Event "Lohmar op"]
[Site "Lohmar"]
[Date "2000.02.11"]
[Round "3"]
[White "Henze, Wolfgang"]
[Black "Jonasson, Dieter"]
[Result "0-1"]
[WhiteElo "1465"]
[BlackElo "1536"]
[PlyCount "106"]
[EventDate "2000.01.28"]
[EventType "swiss"]
[EventRounds "9"]
[EventCountry "GER"]
[SourceTitle "EXT 2006"]
[Source "ChessBase"]
[SourceDate "2005.11.24"]
[SourceVersion "1"]
[SourceVersionDate "2005.11.24"]
[SourceQuality "1"]

1. d4 d5 2. Nf3 Nf6 3. h3 Nc6 4. c3 g6 5. Bf4 Bg7 6. Nbd2 0-0 7. e3 e6 8. Bd3 Qe7 9. Qc2 Nh5 10. Bh2 e5 11. Nxe5 Bxe5 12. dxe5 Nxe5 13. Be2 Bf5 14. Qb3 Nd3+ 15. Bxd3 Bxd3 16. c4 dxc4 17. Nxc4 Bxc4 18. Qxc4 c6 19. 0-0 Rad8 20. Rfd1 Rd7 21. Rxd7 Qxd7 22. Qe2 Rd8 23. Be5 Qe6 24. Bc7 Rd7 25. Bb8 a6 26. b3 Qd5 27. e4 Qd4 28. Re1 Re7 29. Qe3 Rd7 30. Qxd4 Rxd4 31. Be5 Rd2 32. a4 f6 33. Bc7 Rd3 34. Re3 Rxe3 35. fxe3 Kf7 36. g4 Ng7 37. b4 Ne6 38. Bf4 c5 39. bxc5 Nxc5 40. a5 Nxe4 41. Bc7 Ke6 42. Kg2 Kd7 43. Bb6 Nd6 44. Kf3 Nc4 45. h4 Nxb6 46. axb6 a5 47. Ke4 Kc6 48. h5 a4 49. hxg6 hxg6 50. Kd3 Kxb6 51. Kc4 Kc6 52. Kb4 b5 53. e4 Kd6 0-1

[Event "Lohmar op"]
[Site "Lohmar"]
[Date "2000.02.04"]
[Round "2"]
[White "Neuhaus, Dietrich"]
[Black "Henze, Wolfgang"]
[Result "1/2-1/2"]
[WhiteElo "1711"]
[BlackElo "1465"]
[PlyCount "116"]
[EventDate "2000.01.28"]
[EventType "swiss"]
[EventRounds "9"]
[EventCountry "GER"]
[SourceTitle "EXT 2006"]
[Source "ChessBase"]
[SourceDate "2005.11.24"]
[SourceVersion "1"]
[SourceVersionDate "2005.11.24"]
[SourceQuality "1"]

1. d4 Nf6 2. c4 e5 3. dxe5 Ng4 4. Qd4 d6 5. exd6 Qxd6 6. Nf3 Qxd4 7. Nxd4 Bc5 8. e3 a6 9. h3 Nf6 10. Bd3 0-0 11. Bd2 Re8 12. 0-0 Bd7 13. Bc3 Ne4 14. Bxe4 Rxe4 15. Nd2 Re8 16. N2f3 f6 17. b4 Bxd4 18. exd4 Nc6 19. d5 Nd8 20. Rfe1 Nf7 21. c5 Rxe1+ 22. Rxe1 Re8 23. Kf1 Bb5+ 24. Kg1 Rxe1+ 25. Nxe1 Bc4 26. a3 Bxd5 27. f3 Nd8 28. Kf2 Kf7 29. Ke3 Ne6 30. Nd3 Bc4 31. Nb2 Bf1 32. Kf2 Bb5 33. g3 Bd7 34. h4 g6 35. Nc4 Bb5 36. Ne3 h5 37. Nd5 f5 38. Be5 Bc6 39. Nxc7 Nxc7 40. Bxc7 Ke6 41. Ke3 Be8 42. Kf4 Bc6 43. g4 hxg4 44. fxg4 fxg4 45. Kxg4 Ba4 46. Kf4 Kd5 47. Kg5 Bc2 48. Ba5 Ke6 49. a4 Kf7 50. b5 axb5 51. axb5 Bd3 52. c6 bxc6 53. bxc6 Be4 54. c7 Bb7 55. Bb6 Bc8 56. Kf4 Ke6 57. Ke4 Bb7+ 58. Kd4 Kd7 1/2-1/2